000 00746nam a2200157Ia 4500
005 20240815013929.0
008 240331s9999 xx 000 0 und d
020 _a9559069655
082 _bSEN
_a420
100 _aSeneviratne, M
245 0 _a The sound of echoes :
_ba miscellany of essays
260 _aColombo
_bEnglish Writers co-operative of Sri Lanka
_c1992
300 _a112 p .,
500 _aThis Collection of essays are, some of them, semi-auto biographical in theme. they relate mainly of people and of events in the author's early life. some of them are about her friends and happenings in light or dark shades she encountered in those and later years. most of the material in this book has been hitherto unpublished
942 _cL
999 _c3013
_d3013